00682nam a2200181Ia 4500008004100000020001800041041000800059082001600067100001300083245008000096260003700176300000800213365001700221700001300238906004900251999001900300952018100319230718s9999 xx 000 0 und d a9781316506110 aeng a006.31bFLA aFlach P. aMachine LearningbThe Art And Science Of Algorithms That Make Sense Of Data c2012bCambridge University Press a396 cRs.b1595.00 aFlach P. dO:0458014-Aug-2015B:52314-Aug-2015cITb1595 c340108d340108 00104070aCCEPbCCEPd2015-08-14eTechnical Book ServicesfITg1196.25i523l12o006.31pCCEP-BK-51315r2025-12-10 14:43:54s2025-11-13t1595v1595.00w2015-08-14yBKz051315